Australian State Badges - Statistics

General Stats
  • This quiz has been taken 29 times
  • The average score is 5 of 6
Answer Stats
Picture Answer % Correct
Queensland
92%
Western Australia
92%
New South Wales
84%
South Australia
76%
Victoria
76%
Tasmania
72%
No matching quizzes found
Score Distribution
Percent of People with Each Score
Percentile by Number Answered
Your Score History
You have not taken this quiz